=LDR 00000nam 2200000 4500 =001 INLIS000000000051225 =005 20170904015121 =035 ##$$a 0010-0917000029 =007 ta =008 170904###########################0###### =020 ##$$a 978-602-1129-82-1 =082 ##$$a 787.6 =084 ##$$a 787.6 DAN t =100 #$$a Danar Gayuh Utama =245 1#$$a Trik A-Z Menguasai Gitar The Best Instruction Book Ever! /$c Danar Gayuh Utama =260 ##$$a Y :$b Indoliterasi,$c 2015 =300 ##$$a vi, 183 hlm : $b ilus. ; $c 28 cm =650 ##$$a Gitar =700 #$$a Mardian Bagus Prakosa